Seuls les vrais fans d’Harry Potter auront 100% - Statistiques

Statistiques générales
  • Ce quiz a été pris 56 fois
  • Le résultat moyen est 15 sur 25
Statistiques - réponses
Hint Réponse % Correct
Quel est le prénom du loup-garou le plus connu et prof des Défenses contre les forces du mal en 3ème année ? Remus Lupin
96%
Qui est la cousine de Sirius Black connu dans l'histoire ? Bellatrix Lestrange
81%
Quel est le nom de la prison des sorciers ? Azkaban
79%
Quels est le nom du serpent de Voldemort ? Nagini
79%
Qui a tué Dumbledore ? Severus Rogue
79%
Dans quelle maison était Nymphadora Tonks ? Poufsouffle
74%
Quel sort permet de désarmer un adversaire ? Expelliarmus
70%
Qui a donné la carte de Maraudeur à Harry ? Fred et George Weasley
70%
Qui a détruit le journal de Tom Jedusor ? Harry Potter
70%
Qui a tué Bellatrix Lestrange ? Molly Weasley
70%
Quel est le patronus de Rogue ? Biche
68%
Quelle matière enseigne le professeur Binns ? Histoire de la magie
66%
Quel sort permet de créer un bouclier magique ? Protego
66%
Quel est le nom complet de Rogue ? Severus Rogue
66%
Quel est le prénom de frère de Dumbledore ? Abelforth
64%
Quel ingrédient est nécessaire pour le Polynectar ? Cheveu
62%
Qui était le professeur de Défense contre les forces du mal en 5e année de Harry ? Dolores Ombrage
62%
Quel objet permet de voyager dans le temps ? Retourneur de temps
60%
Quelle créature garde la banque Gringotts Gobelins
57%
Quel objet permet de voir son désir le plus profond ? Miroir du Riséd
53%
Quel est le nom de fantôme de Serdaigle ? La Dame Grise
51%
Quel est le patronus de Luna Lovegood ? Lièvre
47%
Quel horcruxe était un médaillon ? Médaillon de Serpentard
34%
Quelle est la profession du père de Luna Lovegood ? Rédacteur en chef du Chicaneur
6%
Quel est le nom du magasin de baguettes à Pré-au-Lard ? Il n'y en a pas
0%
Aucun quiz correspondant
Distribution des résultats
% des personnes avec chaque résultat
Percentile par nombre de réponses
Votre historique - résultats
Vous n’avez pas pris ce quiz